| 000 | 00448nam a2200181Ia 4500 | ||
|---|---|---|---|
| 005 | 20240920143656.0 | ||
| 008 | 240126s9999 xx 000 0 und d | ||
| 020 | _a9789351343202 | ||
| 082 | _a001.6424JAV BAL;1 R | ||
| 100 | _aBalagurusamy E. | ||
| 245 | 0 | _aProgramming with Java: a Primer | |
| 250 | _a5th ed. | ||
| 260 |
_bTMH _aNew Delhi |
||
| 300 | _axv, 460 | ||
| 440 | _aNULL | ||
| 650 | _aProgramming,Java:,Primer | ||
| 942 | _cPU | ||
| 999 |
_c274840 _d274840 |
||